Fictiune si infanteristi

Esej a pohľad na dielo Costache Olăreanu.

Uložené v:
Podrobná bibliografia
Hlavný autor: Spiridon, Vasile, 1958-
Médium: Kapitola
Jazyk:Romanian
Predmet:
Tagy: Pridať tag
Žiadne tagy, Buďte prvý, kto otaguje tento záznam!

MARC

LEADER 00000naa a2200000 4500
001 0276449
005 20240502083838.3
041 0 |a rum 
044 |a RO 
245 1 0 |a Fictiune si infanteristi  |c Vasile Spiridon 
520 |a Esej a pohľad na dielo Costache Olăreanu. 
610 2 0 |a literatúra 
610 2 0 |a Rumunsko 
610 2 0 |a rumunčina 
100 1 |a Spiridon, Vasile, 1958-